Human behavior at work : organizational behavior /
সংরক্ষণ করুন:
| প্রধান লেখক: | |
|---|---|
| বিন্যাস: | গ্রন্থ |
| ভাষা: | ইংরেজি |
| প্রকাশিত: |
New York :
McGraw-Hill,
1981.
|
| সংস্করন: | 6th ed. |
| মালা: | McGraw-Hill series in management
|
| বিষয়গুলি: | |
| ট্যাগগুলো: |
কোনো ট্যাগ নেই, প্রথমজন হিসাবে ট্যাগ করুন!
|
MARC
| LEADER | 00000cam a22000002a 4500 | ||
|---|---|---|---|
| 001 | 0000008798 | ||
| 003 | DAYSTAR | ||
| 005 | 20171002014542.0 | ||
| 008 | 030703s1981 nyu 001 0 eng d | ||
| 040 | |a Daystar | ||
| 050 | 0 | 0 | |a HD 58.7 |b .D36 |
| 100 | 1 | |a Davis, Keith. | |
| 245 | 1 | 0 | |a Human behavior at work : |b organizational behavior / |c Keith Davis. |
| 250 | |a 6th ed. | ||
| 260 | |a New York : |b McGraw-Hill, |c 1981. | ||
| 300 | |a 583 p. | ||
| 440 | 0 | |a McGraw-Hill series in management | |
| 650 | 0 | |a Industrial sociology. | |
| 650 | 0 | |a Organizational behavior. | |
| 908 | |a 060412 | ||
| 942 | |c G | ||
| 952 | |0 0 |1 0 |4 0 |6 HD_58_700000000000000_D36_1981 |7 0 |9 3864 |a DUA |b DUA |c GC |d 2017-09-28 |l 0 |o HD 58.7.D36 1981] |p BK071056 |r 2017-09-28 00:00:00 |t c |w 2017-09-28 |x 47109 |y G | ||
| 999 | |c 2525 |d 2525 | ||